000 00608 a2200169 4500
003 Nust
005 20230404112938.0
040 _cNust
082 _a909.581,FRA
100 _aFraser-Tytler,
_9111713
245 _aAfghanistan: A study of political developments in central and southern Asia /
_cW. K. Fraser-Tytler, 1886-
260 _a London, New York
_b [etc.] Oxford U.P.,
_c1967.
300 _a330:p
505 _aThe Country of The Hidu Kush (Page-3), The Kingdom of Afghanistan (Page-47),The Past and The Future (Page-275).
650 _aHistory of Afghan
_9111714
942 _2ddc
_cBK
_k909.581,FRA
999 _c186299
_d186299